Proceeding volume on higher education in North East India: challenges and prospects (Record no. 8920)

MARC details
000 -LEADER
fixed length control field 00571cam a2200193ua 4500
008 - FIXED-LENGTH DATA ELEMENTS--GENERAL INFORMATION
fixed length control field 161012n ii |||gr||||Z||||||eng
020 ## - INTERNATIONAL STANDARD BOOK NUMBER
International Standard Book Number 9789384206017
040 ## - CATALOGING SOURCE
Transcribing agency MAIN
041 ## - LANGUAGE CODE
-- eng
082 ## - DEWEY DECIMAL CLASSIFICATION NUMBER
Classification number 378.5416
100 ## - MAIN ENTRY--PERSONAL NAME
Personal name Duarah, Niharika,
Relator term
245 ## - TITLE STATEMENT
Title Proceeding volume on higher education in North East India: challenges and prospects
Statement of responsibility, etc. Ed. by Niharika Duarah & Rupon Basumatary
260 ## - PUBLICATION, DISTRIBUTION, ETC.
Place of publication, distribution, etc. Sibsagar:
Name of publisher, distributor, etc. Amguri college,
Date of publication, distribution, etc. 2015.
300 ## - PHYSICAL DESCRIPTION
Extent 152p.
700 ## - ADDED ENTRY--PERSONAL NAME
Personal name Basumatary, Rupon,
Relator term
942 ## - ADDED ENTRY ELEMENTS (KOHA)
Koha item type Books
653 ## - INDEX TERM--UNCONTROLLED
Uncontrolled term Higher education
Holdings
Withdrawn status Lost status Damaged status Not for loan Home library Current library Shelving location Date acquired Total Checkouts Full call number Barcode Date last seen Copy number Price effective from Koha item type
        Central Library, Naharkatiya College Central Library, Naharkatiya College General Stacks 19/09/2020   378.5416 | PRO 23533 19/09/2020 1 19/09/2020 Books

Naharkatiya College © 2020. All rights reserved.

Powered By